| 000 | 00898nam a2200229 a 4500 | ||
|---|---|---|---|
| 001 | 13802 | ||
| 003 | BD-JhCC | ||
| 005 | 20240323120302.0 | ||
| 008 | 240323b20212022b |||| ||a| 000 0 b d | ||
| 020 | _a9789845101714 | ||
| 035 | _a(BD-JhCC)13802 | ||
| 040 |
_aBD-JhCC _dBD-JhCC |
||
| 041 | _aben | ||
| 082 |
_a512.5505 _bKHO 2022 |
||
| 100 | _a মূল: মুসা আল খাওয়ারিজমি, অনুবাদক: সফিক ইসলাম | ||
| 245 |
_aবীজগণিতের আদিপুস্তক : কিতাব আল জাবর ওয়াল মুকাবালা _bমূল: মুসা আল খাওয়ারিজমি, অনুবাদক: সফিক ইসলাম |
||
| 260 |
_aঢাকা: _bকথাপ্ররকাশ; _c2022. |
||
| 300 |
_a174 p.: _c22 cm. |
||
| 650 | _aMath | ||
| 942 |
_2ddc _cBK |
||
| 999 |
_c13802 _d13802 |
||